000 01027nam a2200253 a 4500
001 48292
003 BD-RjUL
005 20211209054508.0
008 160813s2005 bg ||||| |||| 00| 0 ben d
020 _a9840745042
_c: Tk 100
035 _a(BD-RjUL) 48411
040 _aBD-RjUL
_bben
_cBD-RjUL
041 _aben
082 _223
_a 891.44109
_bMOR 2005
245 0 0 _aমরমী কবি শিতলং শাহ /
_cসংকলন ও সম্পাদনা নন্দলাল শর্মা
260 _aঢাকা :
_bবাংলা একাডেমী,
_c২০০৫
300 _a২৭০ পৃ. ;
_c১৯ সেমি.
490 _aবাএ ;
_v৪৪৯৫
650 _aবাংলা কবিতা
_9146222
_vইতিহাস ও সমালোচনা
650 _aBangla potery
_9146223
_vHistory and Criticism
700 _aশর্মা, নন্দলাল, সংকলক ও সম্পাদক
_9146224
830 _aবাএ ;
_v৪৪৯৫
_9161716
942 _2ddc
_cBK
999 _c48292
_d48292